| 000 | 01359nam a2200205Ia 4500 | ||
|---|---|---|---|
| 003 | Ost | ||
| 005 | 20260507075602.0 | ||
| 008 | 260507s9999||||xx |||||||||||||| ||und|| | ||
| 020 | _a9960240398 | ||
| 040 | _cfsecg | ||
| 041 | _aara | ||
| 082 | _a330 | ||
| 100 |
_aولسون، جي هولتن _eمؤلف |
||
| 245 | 0 |
_aالاقتصاد الجزئي : _bالمفاهيم والتطبيقات / _c جي هولتن ولسون |
|
| 260 |
_aالرياض: _bدار المريخ للنشر, _c1987 |
||
| 300 |
_a640 صفحة؛ _bإيضاحات ؛ _c24 سم |
||
| 520 | _aدور منهج الاقتصاد الجزئي , اقتصاد السوق, النظرية الاقتصادية لسلوك المستهلك, طلب المستهلك, مفاهيم المرونة و الايراد اضافة الى موضوعات اضافية في تحليل الطلب, الانتاج, البرمجة الخطية, التكلفة المنافسة التامة, الاحتكار, المنافسة الاحتكارية كذلك احتكار القلة, اسواق عناصر الانتاج, التوازن التام و اقتصاديات الرفاهية, الزراعة و كذا السياسة الضريبية و المجتمع, الاقتصاد و البيئة و اخيرا التضخم و البطالة. | ||
| 653 | _aالااقتصاد الجزئي | ||
| 942 | _cكتاب | ||
| 999 |
_c45016 _d45016 |
||